000 00644nam a2200169Ia 4500
008 090124s9999 xx 000 0 und d
082 _b21385
_a2111
100 _aश्रीनिवासाचार्य श्री. वे.
245 _a भोंसले वंश चरित्र
250 _a0
300 _a138
600 _aश्रीनिवासाचार्य श्री. वे.
630 _a भोंसले वंश चरित्र
700 _aश्रीनिवासाचार्य श्री. वे.
730 _a भोंसले वंश चरित्र
942 _cBOOK
999 _c135047
_d135047